Sablier en sable coloré (Record no. 153)

MARC details
000 -LEADER
Leader 00591npm a2200133 4500
003 - IDENTIFIANT DE NUMÉRO DE CONTRÔLE
champ de contrôle OSt
005 - DATE ET HEURE DE LA DERNIÈRE TRANSACTION
champ de contrôle 20250325171850.0
008 - Éléments de longueur fixe - Renseignements généraux
Leader 250325b |||||||| |||| 00| 0 fre d
040 ## - SOURCE DE CATALOGAGE
Agence transcriptrice autismepaimpol.fr
245 ## - Titre
Titre Sablier en sable coloré
246 ## - Pour qui ? Pour quoi ?
Pour quoi ? Pour qui ? écoulement de 5 mn
942 ## - Type d'objet
Type d'objet Matériel sensoriel
520 ## - Abrégé
Abrégé Regarder s'écouler le sable peut-être particulièrement fascinant. Cela peut stimuler un besoin sensoriel tout en aidant à évaluer les durées. Il fait office de timer (aide à comprendre et accepter l'écoulement d'un temps en s'appuyant sur la force visuelle de la personne autiste).
999 ## -
-- 153
-- 153
Holdings
Statut retiré des collections Statut perdu Source de classification / plan de classement Statut endommagé Exclu du prêt Site de rattachement Site actuel Date d'acquisition Total des prêts Code à barres Vu en dernier Prix effectif de Type de document Koha
    Classification décimale de Dewey     Autisme Paimpol - Matériel Autisme Paimpol - Matériel 05/04/2025   106 05/04/2025 05/04/2025 Matériel sensoriel

Powered by Koha